Governance

محفوظ في:
التفاصيل البيبلوغرافية
التنسيق: كتاب
اللغة:Undetermined
منشور في: Hà Nội Hà Nội 2004
الموضوعات:
الوسوم: إضافة وسم
لا توجد وسوم, كن أول من يضع وسما على هذه التسجيلة!
Thư viện lưu trữ: Trung tâm Học liệu Trường Đại học Cần Thơ
LEADER 00468nam a2200181Ia 4500
001 CTU_68753
008 210402s9999 xx 000 0 und d
082 |a 658.152 
082 |b G721 
245 0 |a Governance 
245 0 |c Vietnam Development Report 2005 
260 |a Hà Nội 
260 |b Hà Nội 
260 |c 2004 
650 |a Finacial management 
650 |z Vietnam 
904 |i Mai Loan 
980 |a Trung tâm Học liệu Trường Đại học Cần Thơ